000 00312nam a2200121 a 4500
005 20141022142000.0
008 090305s19uu xx 00 eng d
050 _aVHS
_bM46 2004
245 _aMedication administration :
_bParental medication.
650 _aVHS.
650 _aParental Medication
942 _cAVM
999 _c276224
_d276224